[Event "Chioggia op-A 15th"]
[Site "Chioggia"]
[Date "2022.10.02"]
[Round "4"]
[White "Drei, Andrea"]
[Black "Giraldi, Edoardo"]
[Result "1-0"]
[WhiteElo "2106"]
[BlackElo "2012"]
[PlyCount "149"]
[EventDate "2022.09.30"]
[EventType "swiss"]
[EventRounds "5"]
[EventCountry "ITA"]
[SourceTitle "EXT 2024"]
[Source "ChessBase"]
[SourceDate "2023.10.10"]
[SourceVersion "1"]
[SourceVersionDate "2023.10.10"]
[SourceQuality "1"]

1. e4 c5 2. Nc3 Nc6 3. Bb5 Nd4 4. Nf3 Nxb5 5. Nxb5 d6 6. d4 a6 7. Nc3 cxd4 8. Qxd4 Nf6 9. Bg5 h6 10. Bh4 g5 11. Bg3 Bg7 12. 0-0-0 Nh5 13. Qe3 Nxg3 14. hxg3 Qa5 15. Nd4 Be6 16. Nxe6 fxe6 17. Kb1 Bxc3 18. Qxc3 Qxc3 19. bxc3 Rc8 20. Kb2 e5 21. Kb3 b5 22. Ra1 Rc4 23. a4 Kf7 24. axb5 axb5 25. Rhe1 Rhc8 26. Re3 g4 27. Rh1 Kg6 28. f4 exf4 29. gxf4 Ra8 30. Rd1 Raa4 31. Rde1 h5 32. g3 e6 33. f5+ exf5 34. exf5+ Kxf5 35. Rf1+ Kg5 36. Re8 Re4 37. Rg8+ Kh6 38. Rf6+ Kh7 39. Rg5 Re5 40. Rgg6 Rc4 41. Rh6+ Kg7 42. Rfg6+ Kf7 43. Rxd6 Re3 44. Rd7+ Kg8 45. Rd3 Re1 46. Rxh5 Rb1+ 47. Ka2 Rf1 48. Rxb5 Re4 49. Rb4 Ree1 50. Rxg4+ Kh7 51. Kb3 Ra1 52. Rb4 Rf2 53. c4 Rc1 54. Rc3 Rb1+ 55. Ka4 Ra1+ 56. Kb5 Ra8 57. c5 Rf5 58. Kc4 Rg5 59. c6 Rc8 60. Kb3 Rg6 61. c7 Rg7 62. Rb7 Kg6 63. Kb4 Kf6 64. Kb5 Ke6 65. Kc6 Rh7 66. Re3+ Kf6 67. Rd3 Rhh8 68. c4 Ke7 69. Rd7+ Ke6 70. c5 Rhg8 71. Rb3 Ra8 72. Rbd3 Ra6+ 73. Kb5 Ra1 74. Rd8 Rb1+ 75. Kc6 1-0

[Event "Imola op2nd"]
[Site "Imola"]
[Date "2019.12.08"]
[Round "4"]
[White "Drei, Andrea"]
[Black "Napoli, Nicolo"]
[Result "0-1"]
[WhiteElo "2146"]
[BlackElo "2332"]
[PlyCount "109"]
[EventDate "2019.12.06"]
[EventType "swiss"]
[EventRounds "5"]
[EventCountry "ITA"]
[SourceTitle "CBM 193 Extra"]
[Source "ChessBase"]
[SourceDate "2020.01.31"]
[SourceVersion "1"]
[SourceVersionDate "2020.01.31"]
[SourceQuality "1"]

1. e4 e6 2. d4 d5 3. Nc3 Nf6 4. e5 Nfd7 5. f4 c5 6. Nf3 Nc6 7. Be3 Qa5 8. Qd2 cxd4 9. Nxd4 Bb4 10. Nb3 Bxc3 11. Nxa5 Bxd2+ 12. Bxd2 Nd4 13. 0-0-0 b6 14. c3 Nf5 15. Nb3 Nc5 16. Nxc5 bxc5 17. g4 Ne7 18. Be3 c4 19. b3 Bb7 20. Bg2 Rc8 21. Kb2 a6 22. Bd4 Ng6 23. Rdf1 Nh4 24. Rhg1 h5 25. h3 g6 26. Bh1 Bc6 27. Rf2 Rb8 28. Kc2 Kd7 29. Rd2 Bb5 30. Bc5 Rbg8 31. Kb2 Rc8 32. Bd6 a5 33. a4 Ba6 34. b4 axb4 35. Bxb4 Bb7 36. a5 Rh7 37. Kc2 Rch8 38. Rdd1 hxg4 39. hxg4 Kc8 40. Be7 Kd7 41. Bf6 Ra8 42. Ra1 g5 43. Rgb1 Bc6 44. Bxg5 Ng6 45. Rd1 Rh3 46. Rg1 Rb8 47. Bg2 Rh2 48. Ra2 Rb3 49. f5 d4 50. fxg6 Bxg2 51. g7 Be4+ 52. Kd1 Rb1+ 53. Bc1 Bf3+ 54. Re2 Bxe2+ 55. Ke1 0-1

[Event "Imola op2nd"]
[Site "Imola"]
[Date "2019.12.07"]
[Round "3"]
[White "Boraso, Alessio"]
[Black "Drei, Andrea"]
[Result "0-1"]
[WhiteElo "2294"]
[BlackElo "2146"]
[PlyCount "103"]
[EventDate "2019.12.06"]
[EventType "swiss"]
[EventRounds "5"]
[EventCountry "ITA"]
[SourceTitle "CBM 193 Extra"]
[Source "ChessBase"]
[SourceDate "2020.01.31"]
[SourceVersion "1"]
[SourceVersionDate "2020.01.31"]
[SourceQuality "1"]

1. c4 c5 2. g3 g6 3. Bg2 Bg7 4. Nc3 Nc6 5. d3 e6 6. h4 h6 7. Nh3 Nge7 8. Bd2 d5 9. Nf4 d4 10. Na4 Qd6 11. a3 Rb8 12. b4 b6 13. Rb1 0-0 14. Qc2 Bd7 15. 0-0 Rfc8 16. Rb2 cxb4 17. axb4 e5 18. b5 exf4 19. bxc6 Bxc6 20. Bxf4 Be5 21. Bxe5 Qxe5 22. Bxc6 Rxc6 23. Qd2 Nf5 24. Rb5 Qe6 25. Qf4 Re8 26. Re1 Qe7 27. Rxf5 gxf5 28. Qxd4 Qb4 29. Ra1 Rd6 30. Qc3 Qxc3 31. Nxc3 a5 32. Rb1 Kg7 33. Kg2 Kf6 34. Kf3 Re5 35. Na4 Ree6 36. Rb2 h5 37. Rb5 Rc6 38. Rb3 Red6 39. Rb2 Re6 40. Rb5 Red6 41. Nc3 Ke6 42. Kf4 Rd4+ 43. Ke3 Rdd6 44. Nd5 Kd7 45. Kd4 Kc8 46. Kc3 Kb7 47. Kb3 Rc5 48. Ka4 Ka6 49. Ne3 f4 50. gxf4 Rxb5 51. cxb5+ Kb7 52. Nc4 0-1

[Event "Cesenatico op 23rd"]
[Site "Cesenatico"]
[Date "2019.09.02"]
[Round "2"]
[White "Drei, Andrea"]
[Black "Loiacono, Antonio"]
[Result "0-1"]
[WhiteElo "2137"]
[BlackElo "2282"]
[PlyCount "122"]
[EventDate "2019.09.01"]
[EventType "swiss"]
[EventRounds "9"]
[EventCountry "ITA"]
[SourceTitle "EXT 2020"]
[Source "ChessBase"]
[SourceDate "2019.10.17"]
[SourceVersion "1"]
[SourceVersionDate "2019.10.17"]
[SourceQuality "1"]

1. e4 e5 2. Nf3 Nc6 3. Bb5 g6 4. c3 a6 5. Ba4 Bg7 6. d4 exd4 7. cxd4 b5 8. Bc2 d6 9. h3 Nge7 10. 0-0 0-0 11. Nc3 Bb7 12. Be3 Na5 13. Qc1 Nc4 14. Bh6 c5 15. Bxg7 Kxg7 16. dxc5 dxc5 17. b3 Nb6 18. a4 b4 19. Rd1 Qc7 20. a5 Nd7 21. Ne2 Rad8 22. h4 Ne5 23. Qb2 f6 24. Nxe5 Qxe5 25. Qxe5 fxe5 26. f3 Nc6 27. Kf2 Kf6 28. Ke3 Rxd1 29. Bxd1 Rd8 30. Bc2 Bc8 31. Bd3 Be6 32. Nc1 Nd4 33. Rb1 Rd6 34. Rb2 h6 35. Bf1 g5 36. hxg5+ hxg5 37. Bd3 Rc6 38. g3 Bf7 39. Rh2 Kg7 40. Rb2 Rh6 41. Bc4 Rh3 42. Bxf7 Kxf7 43. Nd3 Rxg3 44. Nxe5+ Ke6 45. Kf2 Rh3 46. Kg2 g4 47. f4 Re3 48. Nxg4 Rxe4 49. Kg3 Ne2+ 50. Kf3 Rxf4+ 51. Kxe2 Rxg4 52. Kf3 Rh4 53. Rg2 Kd5 54. Rg6 Rh3+ 55. Ke2 Rxb3 56. Rxa6 Ra3 57. Kd2 Kc4 58. Ra8 Ra2+ 59. Ke3 b3 60. a6 b2 61. Rb8 Kc3 0-1

[Event "Cesenatico op 19th"]
[Site "Cesenatico"]
[Date "2015.09.12"]
[Round "8"]
[White "Drei, Andrea"]
[Black "Medici, Simone"]
[Result "1-0"]
[WhiteElo "2252"]
[BlackElo "2110"]
[PlyCount "121"]
[EventDate "2015.09.05"]
[EventType "swiss"]
[EventRounds "9"]
[EventCountry "ITA"]
[SourceTitle "EXT 2016"]
[Source "ChessBase"]
[SourceDate "2015.10.08"]
[SourceVersion "1"]
[SourceVersionDate "2015.10.08"]
[SourceQuality "1"]

1. e4 e5 2. Nf3 d6 3. d4 Nf6 4. Nc3 Nbd7 5. Bc4 Be7 6. 0-0 0-0 7. Re1 c6 8. a4 a5 9. h3 Qc7 10. Ba2 h6 11. Be3 Re8 12. Qd2 Nf8 13. d5 Bd7 14. Qd3 Ng6 15. Kh2 Nh5 16. g3 Qc8 17. Ng1 c5 18. Qe2 Nf6 19. Bc4 h5 20. Bb5 Bxb5 21. axb5 b6 22. Nf3 Nh7 23. Rg1 f5 24. exf5 Qxf5 25. g4 hxg4 26. Rxg4 Nf4 27. Bxf4 exf4 28. Qe6+ Qxe6 29. dxe6 Nf6 30. Rg6 Bf8 31. Rag1 Kh8 32. Ng5 d5 33. Ne2 Kg8 34. Kh1 f3 35. Nxf3 Rxe6 36. Nf4 Rd6 37. Nh4 Ne4 38. Rxd6 Bxd6 39. Nxd5 Nxf2+ 40. Kg2 Ne4 41. Kf3 Nd2+ 42. Ke2 Nc4 43. b3 Re8+ 44. Kd1 Nb2+ 45. Kc1 Be5 46. Nf3 a4 47. Nxe5 Rxe5 48. Nf6+ Kf7 49. Ng4 Rh5 50. Kxb2 axb3 51. Kxb3 Rxh3+ 52. Kc4 Ke6 53. c3 g5 54. Re1+ Kf5 55. Ne3+ Kf4 56. Nd5+ Kf3 57. Re3+ Kg2 58. Rxh3 Kxh3 59. Nxb6 g4 60. Nd5 g3 61. Ne3 1-0

[Event "Cesenatico op 17th"]
[Site "Cesenatico"]
[Date "2013.09.05"]
[Round "6"]
[White "De Santis, Alessio"]
[Black "Drei, Andrea"]
[Result "1-0"]
[WhiteElo "2289"]
[BlackElo "2257"]
[PlyCount "79"]
[EventDate "2013.08.31"]
[EventType "swiss"]
[EventRounds "9"]
[EventCountry "ITA"]
[SourceTitle "CBM 156 Extra"]
[Source "ChessBase"]
[SourceDate "2013.10.22"]
[SourceVersion "1"]
[SourceVersionDate "2013.10.22"]
[SourceQuality "1"]

1. Nf3 c5 2. b3 Nf6 3. Bb2 d5 4. e3 Nc6 5. c4 d4 6. exd4 cxd4 7. d3 e5 8. a3 a5 9. g3 Bc5 10. Bg2 0-0 11. 0-0 h6 12. Nbd2 Bf5 13. Qe2 Qd6 14. Nh4 Bh7 15. g4 Rae8 16. Nf5 Qd7 17. Ne4 Nxe4 18. Bxe4 h5 19. Kh1 g6 20. Rg1 Kh8 21. Nh4 Qe7 22. g5 Nd8 23. Bc1 Ne6 24. Qf3 b6 25. Qg3 Bd6 26. b4 Nf4 27. Bxf4 exf4 28. Qf3 axb4 29. axb4 Qe5 30. b5 Be7 31. Qg2 Bc5 32. Nf3 Qe7 33. Ra6 Rd8 34. Qh3 Rd7 35. Qh4 Qd6 36. Ne1 Qc7 37. Ng2 Bd6 38. Qh3 Re7 39. Qf3 Qb8 40. Ra8 1-0

[Event "Florence op"]
[Site "Florence"]
[Date "2012.10.07"]
[Round "4"]
[White "Drei, Andrea"]
[Black "Efimov, Igor"]
[Result "1-0"]
[WhiteElo "2258"]
[BlackElo "2421"]
[PlyCount "79"]
[EventDate "2012.10.05"]
[EventType "swiss"]
[EventRounds "5"]
[EventCountry "ITA"]
[SourceTitle "CBM 150 Extra"]
[Source "ChessBase"]
[SourceDate "2012.10.19"]
[SourceVersion "1"]
[SourceVersionDate "2012.10.19"]
[SourceQuality "1"]

1. e4 g6 2. d4 Bg7 3. Nc3 c6 4. Bc4 b5 5. Bb3 a5 6. a4 b4 7. Qf3 e6 8. Nce2 d6 9. h4 h6 10. Bf4 Ba6 11. 0-0-0 Ra7 12. Qe3 Re7 13. Nf3 Nf6 14. Ng3 Ng4 15. Qd2 Qc7 16. Nf1 e5 17. Bg3 h5 18. Kb1 Bh6 19. Ng5 c5 20. dxc5 dxc5 21. Bxf7+ Rxf7 22. Qd8+ Qxd8 23. Rxd8+ Kxd8 24. Nxf7+ Ke7 25. Nxh8 Nc6 26. f3 Bxf1 27. fxg4 Bxg2 28. Nxg6+ Kf6 29. Rg1 Bxe4 30. Nxe5 Bd2 31. Rd1 b3 32. Rxd2 bxc2+ 33. Kc1 Nb4 34. Rf2+ Ke6 35. Kd2 hxg4 36. Rf1 Kd5 37. Nxg4 Kc4 38. Rf4 Kb3 39. Rxe4 Nd3 40. Rc4 1-0

[Event "Cesenatico op 15th"]
[Site "Cesenatico"]
[Date "2011.09.06"]
[Round "5"]
[White "Drei, Andrea"]
[Black "Dittmar, Peter"]
[Result "1/2-1/2"]
[WhiteElo "2260"]
[BlackElo "2305"]
[PlyCount "70"]
[EventDate "2011.09.03"]
[EventType "swiss"]
[EventRounds "9"]
[EventCountry "ITA"]
[SourceTitle "CBM 144 Extra"]
[Source "ChessBase"]
[SourceDate "2011.10.28"]
[SourceVersion "1"]
[SourceVersionDate "2011.10.28"]
[SourceQuality "1"]

1. e4 c5 2. c3 e6 3. d4 d5 4. exd5 exd5 5. Nf3 Nc6 6. Bb5 Bd6 7. dxc5 Bxc5 8. 0-0 Nge7 9. Nbd2 0-0 10. Nb3 Bb6 11. Bd3 h6 12. Re1 Bg4 13. Be3 Re8 14. Bc2 Rc8 15. h3 Bh5 16. g4 Bg6 17. Nbd4 Be4 18. Qb1 Ng6 19. Nxc6 Rxc6 20. Bxb6 Rxb6 21. Nd4 Qh4 22. Bxe4 Rxe4 23. Rxe4 dxe4 24. Qxe4 Qxh3 25. Re1 h5 26. Qe8+ Kh7 27. gxh5 Nh4 28. Qe4+ f5 29. Re3 fxe4 30. Rxh3 Nf3+ 31. Nxf3 exf3 32. Rxf3 Rxb2 33. Rf7 Rxa2 34. Rxb7 Rc2 35. Rxa7 Rxc3 1/2-1/2

[Event "Cesenatico op 14th"]
[Site "Cesenatico"]
[Date "2010.09.03"]
[Round "5"]
[White "De Nisi, Roberta"]
[Black "Drei, Andrea"]
[Result "0-1"]
[WhiteElo "1913"]
[BlackElo "2240"]
[PlyCount "74"]
[EventDate "2010.08.30"]
[EventType "swiss"]
[EventRounds "9"]
[EventCountry "ITA"]
[SourceTitle "CBM 138 Extra"]
[Source "ChessBase"]
[SourceDate "2010.10.29"]
[SourceVersion "1"]
[SourceVersionDate "2010.10.29"]
[SourceQuality "1"]

1. d4 Nf6 2. c4 e6 3. Nc3 Bb4 4. a3 Bxc3+ 5. bxc3 c5 6. Qc2 Nc6 7. Nf3 d6 8. e4 e5 9. d5 Ne7 10. Bd3 0-0 11. 0-0 Ne8 12. Nd2 Ng6 13. Nf3 Ne7 14. Ne1 g6 15. Bh6 Ng7 16. f4 exf4 17. Bxf4 f6 18. Qf2 g5 19. Be3 Ng6 20. Nf3 Bd7 21. e5 Nxe5 22. Nxe5 fxe5 23. Qc2 Qe7 24. Bxh7+ Kh8 25. Be4 g4 26. Rxf8+ Rxf8 27. Rf1 Rxf1+ 28. Kxf1 Qf6+ 29. Qf2 Bf5 30. Ke2 Kg8 31. h4 Qg6 32. Bxf5 Nxf5 33. g3 Ng7 34. Qg2 Qc2+ 35. Bd2 Nf5 36. h5 e4 37. Ke1 e3 0-1

[Event "Cesenatico op-A"]
[Site "Cesenatico"]
[Date "2008.09.06"]
[Round "8"]
[White "Drei, Andrea"]
[Black "Rausis, Igors"]
[Result "0-1"]
[WhiteElo "2281"]
[BlackElo "2486"]
[PlyCount "64"]
[EventDate "2008.08.30"]
[EventType "swiss"]
[EventRounds "9"]
[EventCountry "ITA"]
[SourceTitle "EXT 2010"]
[Source "ChessBase"]
[SourceDate "2010.11.25"]
[SourceVersion "1"]
[SourceVersionDate "2010.11.25"]
[SourceQuality "1"]

1. e4 g6 2. d4 Bg7 3. Nc3 d6 4. Bg5 a6 5. a4 Nd7 6. a5 c5 7. Nf3 cxd4 8. Nxd4 Ngf6 9. Qd2 h6 10. Bh4 Nc5 11. f3 e5 12. Bxf6 Bxf6 13. Nb3 Bg5 14. Qf2 Be6 15. h4 Be7 16. Nxc5 dxc5 17. h5 Bg5 18. g3 Qc7 19. Ke2 0-0-0 20. Nd5 Bxd5 21. exd5 Rxd5 22. Bh3+ Kb8 23. Rhd1 Rhd8 24. Rxd5 Rxd5 25. Rd1 Rxd1 26. Kxd1 Qxa5 27. c3 Qa4+ 28. Qc2 Qa1+ 29. Ke2 Qg1 30. Qe4 Qh2+ 31. Kd3 Qxh3 32. Qxe5+ Ka8 0-1

[Event "Novara op 5th"]
[Site "Novara"]
[Date "2004.10.24"]
[Round "4"]
[White "Drei, Andrea"]
[Black "De Santis, Alessio"]
[Result "1/2-1/2"]
[WhiteElo "2247"]
[BlackElo "2268"]
[PlyCount "66"]
[EventDate "2004.10.22"]
[EventType "swiss"]
[EventRounds "5"]
[EventCountry "ITA"]
[SourceTitle "CBM 102 Extra"]
[Source "ChessBase"]
[SourceDate "2004.11.03"]
[SourceVersion "1"]
[SourceVersionDate "2004.11.03"]
[SourceQuality "1"]

1. e4 d6 2. d4 Nf6 3. Nc3 c6 4. f4 Qa5 5. Bd3 e5 6. Nf3 Bg4 7. Be3 Nbd7 8. 0-0 Be7 9. h3 Bh5 10. Qe2 0-0 11. Bd2 Bxf3 12. Qxf3 exd4 13. Nd5 Qd8 14. Nxe7+ Qxe7 15. Rae1 Nc5 16. e5 Nfd7 17. c3 dxc3 18. Bxc3 Nxd3 19. Qxd3 dxe5 20. fxe5 Nc5 21. Qc4 Ne6 22. Bb4 c5 23. Bc3 Rad8 24. Rd1 Rxd1 25. Rxd1 Rd8 26. Rd5 h6 27. Qd3 Rxd5 28. Qxd5 b6 29. a3 Qd8 30. Qb7 Nf4 31. Qf3 Ne6 32. Qb7 Nf4 33. Qf3 Ne6 1/2-1/2

[Event "Novara op 5th"]
[Site "Novara"]
[Date "2004.10.24"]
[Round "5"]
[White "Pace, Pietro Dario"]
[Black "Drei, Andrea"]
[Result "0-1"]
[WhiteElo "2130"]
[BlackElo "2247"]
[PlyCount "100"]
[EventDate "2004.10.22"]
[EventType "swiss"]
[EventRounds "5"]
[EventCountry "ITA"]
[SourceTitle "CBM 102 Extra"]
[Source "ChessBase"]
[SourceDate "2004.11.03"]
[SourceVersion "1"]
[SourceVersionDate "2004.11.03"]
[SourceQuality "1"]

1. e4 c5 2. b3 b6 3. c4 Bb7 4. Nc3 g6 5. Bb2 Bg7 6. Rb1 Nc6 7. Nf3 a6 8. Nd5 Bxb2 9. Rxb2 e6 10. Nc3 Nd4 11. Bd3 f5 12. 0-0 Nf6 13. Re1 0-0 14. b4 Nxf3+ 15. gxf3 fxe4 16. fxe4 Nh5 17. Bf1 Qg5+ 18. Bg2 cxb4 19. Nb1 Nf4 20. Qf3 Qe5 21. Rxb4 Nd5 22. cxd5 Rxf3 23. Bxf3 Bxd5 24. d4 Qf6 25. Re3 a5 26. Rb2 Rc8 27. Nc3 Qxd4 28. Nd1 Ba8 29. Rbb3 Qe5 30. Rxb6 Rc1 31. Rbb3 Bc6 32. Rbd3 Qg5+ 33. Kh1 Qf4 34. Kg2 Rc2 35. Nc3 Qg5+ 36. Kf1 Qh4 37. Be2 Qxh2 38. Rh3 Rc1+ 39. Bd1 Qf4 40. Rhf3 Rxd1+ 41. Nxd1 Qxe4 42. Rfe3 Qh1+ 43. Ke2 Bb5 44. Kd2 Bxd3 45. Rxd3 d5 46. Nc3 Qh6+ 47. Kc2 Qf4 48. f3 h5 49. Ne2 Qc4+ 50. Kd2 Qxa2+ 0-1

[Event "Novara op 5th"]
[Site "Novara"]
[Date "2004.10.23"]
[Round "3"]
[White "Dragojlovic, Andjelko"]
[Black "Drei, Andrea"]
[Result "0-1"]
[WhiteElo "2298"]
[BlackElo "2247"]
[PlyCount "82"]
[EventDate "2004.10.22"]
[EventType "swiss"]
[EventRounds "5"]
[EventCountry "ITA"]
[SourceTitle "CBM 102 Extra"]
[Source "ChessBase"]
[SourceDate "2004.11.03"]
[SourceVersion "1"]
[SourceVersionDate "2004.11.03"]
[SourceQuality "1"]

1. e4 c5 2. Nf3 e6 3. b3 b6 4. d4 cxd4 5. Nxd4 Bc5 6. c3 Bb7 7. Bd3 Nf6 8. Qe2 Nc6 9. Nxc6 Bxc6 10. 0-0 Be7 11. Nd2 d6 12. c4 0-0 13. Bb2 Nd7 14. Rad1 Bf6 15. Ba3 Qe7 16. Nf3 Rfd8 17. Bb1 Nc5 18. Nd4 Bxd4 19. Rxd4 e5 20. Rd2 Qb7 21. Rfd1 Nxe4 22. Bxe4 Bxe4 23. f3 Bc6 24. Bxd6 e4 25. f4 Rd7 26. Qe3 f5 27. Rd4 Rad8 28. R1d2 Rf7 29. b4 a6 30. Kf2 Qc8 31. c5 bxc5 32. Bxc5 Rxd4 33. Rxd4 Rd7 34. Qb3+ Kh8 35. Qe6 Qd8 36. Bb6 Qh4+ 37. Ke2 Bb5+ 38. Kd1 Rxd4+ 39. Bxd4 Qg4+ 40. Kc2 Qe2+ 41. Kb3 Qd1+ 0-1